| 000 | 00661nam a22001697a 4500 | ||
|---|---|---|---|
| 999 |
_c80602 _d80602 |
||
| 008 | 201130b ||||| |||| 00| 0 eng d | ||
| 040 |
_bger _cSTAFF _erda _aSTAFF |
||
| 041 | _ager | ||
| 245 |
_aBewegung in der Debatte um "Highway". _bVerkehr: Landesbetrieb offen für Neugestaltung. TU Dresden unterstützt die Stadt bei der Erarbeitung von Vorschlägen. |
||
| 650 | _aStraßenbau | ||
| 651 | _aFrankfurt (Oder) | ||
| 773 |
_dFrankfurt (Oder): Märkisches Verlags- und Druckhaus GmbH & Co KG _g32. Jahrgang (2021) Nr. 13 vom 16./17.01.2021, S. 13 _tMärkische Oderzeitung |
||
| 942 | _cA | ||